[Event "2nd children's team HISSARLUK"]
[Site "http://www.tribuki.com/bg/"]
[Date "2017.02.04"]
[Round "1.1"]
[White "Manova, Ivana"]
[Black "Tadic, Stefan"]
[Result "1-0"]
[WhiteElo "1741"]
[BlackElo "2147"]
[PlyCount "43"]
[EventDate "2017.02.04"]
[EventType "team"]
[EventRounds "6"]
[EventCountry "BUL"]

1. e4 c5 2. Nf3 a6 3. c3 d5 4. exd5 Nf6 5. d4 cxd4 6. Qxd4 Qxd5 7. Qxd5 Nxd5 8.
Bc4 Nb6 9. Bb3 Nc6 10. Be3 Nd7 11. Nbd2 e5 12. O-O-O f5 13. Rhe1 Be7 14. Bg5 e4
15. Bxe7 Nxe7 16. Ng5 Nc5 17. Bf7+ Kf8 18. Ndxe4 Nd7 19. Nd6 Nf6 20. Nc4 Nc6
21. Ne5 h5 22. Ng6# 1-0

[Event "2nd children's team HISSARLUK"]
[Site "http://www.tribuki.com/bg/"]
[Date "2017.02.04"]
[Round "1.1"]
[White "Ivanovic, Marko"]
[Black "Kosteski, Mile"]
[Result "1-0"]
[WhiteElo "1894"]
[BlackElo "1592"]
[PlyCount "53"]
[EventDate "2017.02.04"]
[EventType "team"]
[EventRounds "6"]
[EventCountry "BUL"]

1. e4 e5 2. Nc3 Nc6 3. Bc4 Nf6 4. d3 d6 5. f4 exf4 6. Bxf4 Be7 7. Nf3 Be6 8.
Bb3 Qd7 9. Qd2 Bxb3 10. axb3 O-O 11. d4 Rfe8 12. d5 Nd8 13. O-O Nh5 14. Be3 Bf6
15. Nd4 g6 16. Rf3 Bg7 17. Raf1 c6 18. h3 cxd5 19. exd5 f5 20. Bg5 Bf6 21. Bxf6
Nxf6 22. Nxf5 gxf5 23. Rxf5 Nf7 24. Rxf6 Ne5 25. Ne4 Rf8 26. Rxf8+ Rxf8 27.
Nf6+ 1-0

[Event "2nd children's team HISSARLUK"]
[Site "http://www.tribuki.com/bg/"]
[Date "2017.02.04"]
[Round "1.1"]
[White "Eftovska, Lea"]
[Black "Musikic, Stefan"]
[Result "0-1"]
[WhiteElo "1350"]
[BlackElo "1735"]
[PlyCount "92"]
[EventDate "2017.02.04"]
[EventType "team"]
[EventRounds "6"]
[EventCountry "BUL"]

1. e4 c5 2. Nc3 Nc6 3. f4 g6 4. Nf3 Bg7 5. Bb5 Nd4 6. Nxd4 Bxd4 7. Ne2 Bg7 8.
O-O Qb6 9. Bc4 Bxb2 10. Bxb2 Qxb2 11. Rb1 Qf6 12. c3 e6 13. Ng3 Ne7 14. e5 Qh4
15. Ne4 b6 16. Nd6+ Kf8 17. Qf3 Rb8 18. Nxc8 Nxc8 19. Bb5 Qe7 20. Qd3 d5 21.
Qe3 Kg7 22. d3 Qb7 23. Ba4 a6 24. c4 d4 25. Qd2 Na7 26. a3 b5 27. cxb5 axb5 28.
Bb3 Qa6 29. Qa2 b4 30. Bc4 Qxa3 31. Qxa3 bxa3 32. Ra1 Nb5 33. Bxb5 Rxb5 34.
Rxa3 Rhb8 35. Raa1 Rb3 36. Rfd1 Rc3 37. Ra2 Rbb3 38. Rad2 g5 39. g3 Kg6 40. Kf2
gxf4 41. gxf4 Kf5 42. Kf3 c4 43. h3 Rxd3+ 44. Rxd3 Rxd3+ 45. Rxd3 cxd3 46. Kf2
Kxf4 0-1

[Event "2nd children's team HISSARLUK"]
[Site "http://www.tribuki.com/bg/"]
[Date "2017.02.04"]
[Round "1.1"]
[White "Molnar, Luka"]
[Black "Janeski, Leon"]
[Result "1-0"]
[WhiteElo "1731"]
[BlackElo "1388"]
[PlyCount "49"]
[EventDate "2017.02.04"]
[EventType "team"]
[EventRounds "6"]
[EventCountry "BUL"]

1. e4 e5 2. Nc3 Nf6 3. Bc4 Nc6 4. d3 Bc5 5. f4 d6 6. Nf3 Qe7 7. Na4 Bb6 8. Nxb6
axb6 9. f5 Na5 10. Bg5 Nxc4 11. dxc4 h6 12. Bh4 Bd7 13. O-O Bc6 14. Bxf6 Qxf6
15. Qe2 O-O 16. b4 Ra7 17. b5 Bd7 18. g4 Raa8 19. h4 Kh8 20. Qd2 Qe7 21. g5
hxg5 22. hxg5 Kg8 23. Qh2 Ra4 24. g6 fxg6 25. fxg6 1-0

[Event "2nd children's team HISSARLUK"]
[Site "http://www.tribuki.com/bg/"]
[Date "2017.02.04"]
[Round "1.2"]
[White "Cholakov, Nikolay"]
[Black "Todorov, Vladimir"]
[Result "1-0"]
[WhiteElo "1932"]
[BlackElo "1506"]
[PlyCount "57"]
[EventDate "2017.02.04"]
[EventType "team"]
[EventRounds "6"]
[EventCountry "BUL"]

1. d4 d5 2. c4 e6 3. e3 Nf6 4. Nf3 Be7 5. Nc3 c6 6. Bd3 O-O 7. e4 dxe4 8. Nxe4
Nbd7 9. O-O h6 10. Bf4 Nxe4 11. Bxe4 Nf6 12. Bc2 Bd6 13. Ne5 Nd7 14. Nxc6 Qc7
15. Bxd6 Qxd6 16. Na5 Qb4 17. Qd3 Nf6 18. Nb3 b6 19. a3 Qd6 20. Rac1 Rd8 21.
Rfd1 Bb7 22. Qe2 Ba6 23. Bd3 Rac8 24. Rc3 Bb7 25. f3 Nd7 26. c5 bxc5 27. dxc5
Nxc5 28. Bh7+ Kxh7 29. Rxd6 1-0

[Event "2nd children's team HISSARLUK"]
[Site "http://www.tribuki.com/bg/"]
[Date "2017.02.04"]
[Round "1.2"]
[White "Ralchev, Lachezar"]
[Black "Kolev, Lachezar"]
[Result "0-1"]
[WhiteElo "1622"]
[BlackElo "1792"]
[PlyCount "80"]
[EventDate "2017.02.04"]
[EventType "team"]
[EventRounds "6"]
[EventCountry "BUL"]

1. e4 c5 2. c3 d5 3. exd5 Qxd5 4. d4 Nf6 5. Nf3 Bg4 6. Be2 e6 7. O-O Nc6 8. Be3
cxd4 9. cxd4 Be7 10. Nc3 Qd8 11. a3 O-O 12. Ne5 Bxe2 13. Nxe2 Nxe5 14. dxe5 Nd5
15. Bd4 Rc8 16. Nc3 a6 17. Qb3 Nxc3 18. Bxc3 b5 19. a4 Qb6 20. axb5 axb5 21.
Bb4 Bxb4 22. Qxb4 Qc5 23. Qxc5 Rxc5 24. f4 Rfc8 25. Ra5 Rd5 26. Rfa1 h6 27. g3
Rc2 28. Rb1 Kh7 29. b4 Kg6 30. Ra7 Rdd2 31. Rb7 Rg2+ 32. Kf1 Rxh2 33. Kg1 Rcg2+
34. Kf1 Rxg3 35. Rxb5 Rgh3 36. Re1 Kf5 37. Rb7 Kg4 38. Rxf7 Kf3 39. Rxg7 Rh1+
40. Rg1 R3h2 0-1

[Event "2nd children's team HISSARLUK"]
[Site "http://www.tribuki.com/bg/"]
[Date "2017.02.04"]
[Round "1.2"]
[White "Gadzhev, Denislav"]
[Black "Kanov, Nikola"]
[Result "1-0"]
[WhiteElo "1613"]
[BlackElo "1367"]
[PlyCount "93"]
[EventDate "2017.02.04"]
[EventType "team"]
[EventRounds "6"]
[EventCountry "BUL"]

1. e4 e5 2. Nf3 Nc6 3. Bc4 Bc5 4. c3 Nf6 5. d4 exd4 6. e5 d5 7. Bb5 Ne4 8. cxd4
Bb4+ 9. Bd2 Bxd2+ 10. Nbxd2 O-O 11. O-O Bg4 12. Bxc6 bxc6 13. Qc2 Nxd2 14. Nxd2
Qg5 15. Kh1 Bf5 16. Qc3 h5 17. f4 Qg6 18. Rac1 Bd7 19. Qc2 Qh6 20. Nb3 Rfb8 21.
Nc5 Be8 22. f5 Qe3 23. Qf2 Qxf2 24. Rxf2 Rb4 25. Rd2 Rab8 26. Rcc2 R4b6 27. h4
f6 28. Kh2 Kf7 29. Rf2 Rd8 30. Ne6 Rd7 31. Nf4 Ke7 32. Rce2 Kd8 33. exf6 gxf6
34. Ne6+ Kc8 35. Nc5 Rd8 36. Re6 Bd7 37. Rxf6 Rb4 38. Rd2 Rh8 39. a3 Rb6 40.
Re2 Be8 41. Rfe6 Bd7 42. Nxd7 Kxd7 43. Re7+ Kd8 44. f6 Kc8 45. f7 Kb7 46. Re8
Rxe8 47. fxe8=Q 1-0

[Event "2nd children's team HISSARLUK"]
[Site "http://www.tribuki.com/bg/"]
[Date "2017.02.04"]
[Round "1.3"]
[White "Georgiev, Konstantin G."]
[Black "Pavlov, Vladimir G."]
[Result "1-0"]
[WhiteElo "1745"]
[BlackElo "1860"]
[PlyCount "117"]
[EventDate "2017.02.04"]
[EventType "team"]
[EventRounds "6"]
[EventCountry "BUL"]

1. e4 d5 2. exd5 Qxd5 3. Nc3 Qa5 4. Be2 Nf6 5. Nf3 c6 6. O-O Bf5 7. d3 Qc7 8.
Nd4 Bg6 9. Be3 e6 10. f4 Bd6 11. g3 O-O 12. Qd2 e5 13. fxe5 Bxe5 14. Nf3 Bd6
15. Rae1 Nbd7 16. Bd1 Ng4 17. Bf4 Ndf6 18. Bxd6 Qxd6 19. Qf4 Qxf4 20. gxf4 Rfe8
21. Ne5 Nxe5 22. fxe5 Nd7 23. d4 Rad8 24. h4 h6 25. h5 Bh7 26. Ne2 Nb6 27. c3
Re7 28. Bb3 a5 29. a3 a4 30. Ba2 Bd3 31. Rf3 Bc4 32. Bb1 Bd5 33. Rf2 Nc4 34.
Nf4 Rde8 35. Rfe2 Bf3 36. Rf2 Bd5 37. Ree2 b5 38. Bd3 Nb6 39. Rf1 Bc4 40. Rfe1
Bxd3 41. Nxd3 Nd5 42. Kf2 g6 43. hxg6 fxg6 44. Kg3 Kg7 45. Rf2 h5 46. Nf4 Kh6
47. Nxd5 cxd5 48. Rf6 Re6 49. Ref1 Kg5 50. Rf7 h4+ 51. Kh3 R8e7 52. Rg1+ Kh5
53. Rf8 Re8 54. Rf4 g5 55. Rfg4 Rxe5 56. dxe5 Rxe5 57. Rd4 Re3+ 58. Kh2 Re2+
59. Rg2 1-0

[Event "2nd children's team HISSARLUK"]
[Site "http://www.tribuki.com/bg/"]
[Date "2017.02.04"]
[Round "1.3"]
[White "Pavlov, Viktor"]
[Black "Dimov, Nikola"]
[Result "0-1"]
[WhiteElo "1780"]
[BlackElo "1396"]
[PlyCount "60"]
[EventDate "2017.02.04"]
[EventType "team"]
[EventRounds "6"]
[EventCountry "BUL"]

1. d4 Nf6 2. c4 g6 3. Nc3 Bg7 4. Bf4 O-O 5. Nf3 c5 6. e3 Qa5 7. Qa4 Qxa4 8.
Nxa4 cxd4 9. exd4 Nc6 10. O-O-O d6 11. h3 Ne4 12. Be3 Bd7 13. Nc3 Nxc3 14. bxc3
Rac8 15. Nd2 Na5 16. Kb2 Rc6 17. d5 Rc7 18. Bxa7 b6 19. Bxb6 Rb8 20. g4 Rxb6+
21. Kc2 Ba4+ 22. Kc1 Bxd1 23. Kxd1 Bxc3 24. Ne4 Bd4 25. Bd3 Nxc4 26. Ke2 Rb2+
27. Kf3 Ne5+ 28. Kg2 Nxd3 29. Rd1 Nxf2 30. Rxd4 Nxe4+ 0-1

[Event "2nd children's team HISSARLUK"]
[Site "http://www.tribuki.com/bg/"]
[Date "2017.02.04"]
[Round "1.3"]
[White "Lenkova, Lyubomira"]
[Black "Ilieva, Ralitsa"]
[Result "0-1"]
[WhiteElo "1303"]
[BlackElo "1469"]
[PlyCount "72"]
[EventDate "2017.02.04"]
[EventType "team"]
[EventRounds "6"]
[EventCountry "BUL"]

1. d4 Nf6 2. c4 c5 3. d5 b5 4. Nc3 bxc4 5. e4 d6 6. Bxc4 g6 7. Nf3 Bg7 8. h3
O-O 9. O-O Nbd7 10. Re1 Nb6 11. Bb5 Bd7 12. Ba6 Rb8 13. Rb1 Qc7 14. Nb5 Bxb5
15. Bxb5 Nbxd5 16. exd5 Rxb5 17. Bg5 Rfb8 18. b3 c4 19. Bxf6 Bxf6 20. Rc1 Rc5
21. Re4 cxb3 22. Rxc5 Qxc5 23. axb3 Qc3 24. Re3 Qc5 25. Re4 Rb5 26. Ra4 a5 27.
Nd4 Bxd4 28. Rxd4 Rxb3 29. Qxb3 Qxd4 30. Qb7 a4 31. Qxe7 a3 32. Qe2 Qxd5 33.
Qc2 a2 34. Qc8+ Kg7 35. Qc3+ Qe5 36. Qxe5+ dxe5 0-1

[Event "2nd children's team HISSARLUK"]
[Site "http://www.tribuki.com/bg/"]
[Date "2017.02.04"]
[Round "1.3"]
[White "Bakalova, Hristina"]
[Black "Radkova, Radost"]
[Result "0-1"]
[WhiteElo "1112"]
[BlackElo "1227"]
[PlyCount "106"]
[EventDate "2017.02.04"]
[EventType "team"]
[EventRounds "6"]
[EventCountry "BUL"]

1. e4 e5 2. Nf3 Nf6 3. Nxe5 d6 4. Nf3 Nxe4 5. Qe2 Qe7 6. d3 Nf6 7. Nc3 Nc6 8.
Bf4 Bg4 9. Qxe7+ Bxe7 10. Be2 O-O-O 11. O-O-O Rhe8 12. h3 Bh5 13. Kb1 h6 14. a3
Nd7 15. g4 Bg6 16. d4 Bf6 17. Rhe1 Nb6 18. Be3 d5 19. Bb5 Re6 20. h4 a6 21.
Bxc6 Rxc6 22. g5 hxg5 23. hxg5 Bh5 24. Rd2 Bxf3 25. gxf6 Rxf6 26. Bg5 Rfd6 27.
Bxd8 Rxd8 28. Rd3 Bh5 29. Rde3 f6 30. Rh3 Bg4 31. Rh7 Rg8 32. Reh1 g5 33. Rh8
Rxh8 34. Rxh8+ Kd7 35. Kc1 c6 36. Kd2 Nc4+ 37. Kc1 Bf3 38. Rf8 Ke7 39. Rb8 Nd6
40. Kd2 Bg4 41. Ke3 Nc4+ 42. Kd3 Nxb2+ 43. Kd2 Nc4+ 44. Ke1 Na5 45. Na4 b5 46.
Nc5 Nc4 47. Nxa6 Nxa3 48. Kd2 Nc4+ 49. Kc3 Nd6 50. Nb4 Ne4+ 51. Kb3 Kd6 52. Rf8
Ke7 53. Rc8 Bxc8 0-1

[Event "2nd children's team HISSARLUK"]
[Site "http://www.tribuki.com/bg/"]
[Date "2017.02.04"]
[Round "1.4"]
[White "Veljanoski, Andrej"]
[Black "Hristov, Deyan"]
[Result "1-0"]
[WhiteElo "1764"]
[BlackElo "1497"]
[PlyCount "73"]
[EventDate "2017.02.04"]
[EventType "team"]
[EventRounds "6"]
[EventCountry "BUL"]

1. e4 e5 2. Nf3 Nc6 3. d4 exd4 4. Bc4 Bc5 5. c3 Nf6 6. e5 d5 7. Bb5 Ne4 8. cxd4
Bb4+ 9. Bd2 Bd7 10. O-O O-O 11. a3 Bxd2 12. Nbxd2 a6 13. Bd3 Ng5 14. Nxg5 Qxg5
15. f4 Qh6 16. Nb3 f6 17. Nc5 Bc8 18. Qb3 Kh8 19. Qc3 Nd8 20. Bc2 c6 21. f5 Nf7
22. e6 Nd6 23. a4 g6 24. fxg6 hxg6 25. e7 Rf7 26. Qg3 Ne8 27. Rae1 g5 28. a5
Qg7 29. Qe3 Ra7 30. Ne6 Bxe6 31. Qxe6 b5 32. axb6 Raxe7 33. Qh3+ Kg8 34. b7
Rxb7 35. Rxe8+ Rf8 36. Rxf8+ Kxf8 37. Qc8+ 1-0

[Event "2nd children's team HISSARLUK"]
[Site "http://www.tribuki.com/bg/"]
[Date "2017.02.04"]
[Round "1.4"]
[White "Bakalov, Vladimir"]
[Black "Risteski, Emil"]
[Result "0-1"]
[WhiteElo "1435"]
[BlackElo "1749"]
[PlyCount "46"]
[EventDate "2017.02.04"]
[EventType "team"]
[EventRounds "6"]
[EventCountry "BUL"]

1. e4 c5 2. Nf3 d6 3. d4 cxd4 4. Nxd4 Nf6 5. Nc3 Nc6 6. Be3 e5 7. Nf3 h6 8. Qd2
Be6 9. b3 d5 10. exd5 Nxd5 11. a3 Nxe3 12. Qxe3 Qa5 13. b4 Bxb4 14. axb4 Qxa1+
15. Ke2 Bc4+ 16. Kd2 Bxf1 17. Nxe5 O-O 18. Nd3 Rfe8 19. Qg3 Nxb4 20. f3 Nxd3
21. Ne4 Qc1+ 22. Kc3 Rac8+ 23. Kd4 Qb2+ 0-1

[Event "2nd children's team HISSARLUK"]
[Site "http://www.tribuki.com/bg/"]
[Date "2017.02.04"]
[Round "1.4"]
[White "Eftovski, Mateo"]
[Black "Tsvetkov, Hristiyan"]
[Result "1-0"]
[WhiteElo "1425"]
[BlackElo "1271"]
[PlyCount "41"]
[EventDate "2017.02.04"]
[EventType "team"]
[EventRounds "6"]
[EventCountry "BUL"]

1. d4 Nf6 2. c4 c5 3. d5 d6 4. Nc3 g6 5. e4 Bg7 6. Bd3 Nbd7 7. Nf3 a6 8. O-O
Ng4 9. Ng5 Nge5 10. f4 Nxd3 11. Qxd3 O-O 12. h4 h6 13. Nh3 e6 14. Qg3 Nb6 15.
b3 Bxc3 16. Qxc3 Qxh4 17. Bb2 f6 18. dxe6 Bxe6 19. f5 Bf7 20. Rf4 Qh5 21. Qxf6
1-0

[Event "2nd children's team HISSARLUK"]
[Site "http://www.tribuki.com/bg/"]
[Date "2017.02.04"]
[Round "1.4"]
[White "Bakalova, Tsvetelina"]
[Black "Zlatkov, Anton"]
[Result "0-1"]
[WhiteElo "1362"]
[BlackElo "1241"]
[PlyCount "36"]
[EventDate "2017.02.04"]
[EventType "team"]
[EventRounds "6"]
[EventCountry "BUL"]

1. e4 e5 2. Nf3 Nc6 3. Nc3 Nf6 4. Bb5 d6 5. d3 Be6 6. Be3 Be7 7. Qd2 Qd7 8. h3
a6 9. Ba4 b5 10. Bb3 d5 11. exd5 Nxd5 12. Nxd5 Bxd5 13. Qc3 Bb4 14. Qxb4 Nxb4
15. Nxe5 Qe6 16. Bxd5 Qxd5 17. O-O O-O 18. Nf3 Nxc2 0-1

[Event "2nd children's team HISSARLUK"]
[Site "http://www.tribuki.com/bg/"]
[Date "2017.02.05"]
[Round "2.1"]
[White "Tadic, Stefan"]
[Black "Veljanoski, Andrej"]
[Result "1/2-1/2"]
[WhiteElo "2147"]
[BlackElo "1764"]
[PlyCount "143"]
[EventDate "2017.02.04"]
[EventType "team"]
[EventRounds "6"]
[EventCountry "BUL"]

1. e4 e5 2. Nf3 Nc6 3. Bb5 a6 4. Ba4 Nf6 5. Bxc6 dxc6 6. d3 Bd6 7. Nbd2 Be6 8.
b3 Nd7 9. Bb2 Qe7 10. d4 exd4 11. Nxd4 O-O-O 12. Qe2 c5 13. Nxe6 Qxe6 14. O-O-O
f6 15. Nc4 Be5 16. Rd5 Bxb2+ 17. Kxb2 Rhe8 18. Re1 Qxd5 19. exd5 Rxe2 20. Rxe2
b5 21. Ne3 Re8 22. c4 bxc4 23. bxc4 Nb6 24. Kc3 Re4 25. f3 Re8 26. Kd3 g6 27.
Rc2 f5 28. Kd2 Kd7 29. Rc3 Kd6 30. g3 Ke5 31. Nc2 f4 32. g4 Rd8 33. Ke2 Re8 34.
Kd2 Kd6 35. Na3 g5 36. Rd3 h5 37. h3 Ke5 38. Kc3 hxg4 39. hxg4 Kd6 40. Kd2 Rh8
41. Kc3 Rh3 42. Nb1 Rh2 43. Rd2 Rh1 44. Na3 Rf1 45. Rd3 Ke5 46. Nc2 Rf2 47. Na3
Rxa2 48. Nb1 Ra4 49. Nd2 Rb4 50. Ne4 Rxc4+ 51. Kd2 Nxd5 52. Nxg5 Rd4 53. Ne4
Nb4 54. Rxd4 cxd4 55. Nc5 a5 56. g5 Kf5 57. Nb3 Kxg5 58. Nxd4 Kf6 59. Kc3 Ke5
60. Nb3 Nd5+ 61. Kc4 Nb6+ 62. Kd3 a4 63. Nc5 a3 64. Kc3 c6 65. Nd3+ Kf5 66. Kb3
Nc4 67. Nb4 Nd2+ 68. Kxa3 c5 69. Na6 Nxf3 70. Nxc5 Ne5 71. Nb3 f3 72. Nd4+
1/2-1/2

[Event "2nd children's team HISSARLUK"]
[Site "http://www.tribuki.com/bg/"]
[Date "2017.02.05"]
[Round "2.1"]
[White "Risteski, Emil"]
[Black "Ivanovic, Marko"]
[Result "0-1"]
[WhiteElo "1749"]
[BlackElo "1894"]
[PlyCount "72"]
[EventDate "2017.02.04"]
[EventType "team"]
[EventRounds "6"]
[EventCountry "BUL"]

1. e4 c5 2. Nf3 a6 3. c3 e6 4. d4 d5 5. e5 Bd7 6. Bd3 cxd4 7. cxd4 Bb5 8. Bxb5+
axb5 9. O-O Nc6 10. Nc3 b4 11. Ne2 Nge7 12. Ng3 Nc8 13. Ng5 Be7 14. Qh5 g6 15.
Qh6 Bf8 16. Qh3 Nxd4 17. Nxh7 Be7 18. Qh6 Kd7 19. Qg7 Qg8 20. Nf6+ Bxf6 21.
Qxf6 Ne7 22. Be3 Ndf5 23. Bc5 Nc6 24. Rac1 Rh7 25. Nxf5 gxf5 26. Bd6 Rg7 27.
Rxc6 Rxg2+ 28. Kh1 Kxc6 29. Rc1+ Kb6 30. Bc7+ Kb5 31. Qe7 Rxh2+ 32. Kxh2 Qh7+
33. Kg3 f4+ 34. Kxf4 Qe4+ 35. Kg3 Rg8+ 36. Kh2 Qg2# 0-1

[Event "2nd children's team HISSARLUK"]
[Site "http://www.tribuki.com/bg/"]
[Date "2017.02.05"]
[Round "2.1"]
[White "Musikic, Stefan"]
[Black "Eftovski, Mateo"]
[Result "1-0"]
[WhiteElo "1735"]
[BlackElo "1425"]
[PlyCount "95"]
[EventDate "2017.02.04"]
[EventType "team"]
[EventRounds "6"]
[EventCountry "BUL"]

1. e4 e5 2. Nf3 Nc6 3. Bc4 Bc5 4. c3 Nf6 5. d3 d6 6. Nbd2 Be6 7. O-O h6 8. Qe2
O-O 9. Bb3 Re8 10. h3 d5 11. Rd1 Qe7 12. Bc2 Rad8 13. Nb3 Bb6 14. Be3 Nh7 15.
Bxb6 axb6 16. Kf1 f5 17. Re1 Nf8 18. Rad1 Ng6 19. exd5 Nf4 20. Qe3 Nxd5 21. Qc1
Bf7 22. Nbd4 Qf6 23. Nxc6 bxc6 24. d4 e4 25. Ne5 Bh5 26. g4 fxg4 27. hxg4 e3
28. Rxe3 Nxe3+ 29. Qxe3 Bf7 30. Qd3 g6 31. Nxg6 Bxg6 32. Qxg6+ Qxg6 33. Bxg6
Re7 34. f3 Kg7 35. Be4 c5 36. d5 Rf8 37. Ke2 Kf6 38. Rh1 Kg5 39. Rh5+ Kf4 40.
Rxh6 Rxe4+ 41. fxe4 Kxe4 42. Rh5 Rg8 43. Rh4 Kxd5 44. Kd3 Rf8 45. c4+ Ke5 46.
Ke3 Rf1 47. Rh7 Rf4 48. Rh5+ 1-0

[Event "2nd children's team HISSARLUK"]
[Site "http://www.tribuki.com/bg/"]
[Date "2017.02.05"]
[Round "2.1"]
[White "Zlatkov, Anton"]
[Black "Kovacevic, Matija D."]
[Result "1-0"]
[WhiteElo "1241"]
[BlackElo "1578"]
[PlyCount "69"]
[EventDate "2017.02.04"]
[EventType "team"]
[EventRounds "6"]
[EventCountry "BUL"]

1. e4 c5 2. c3 d5 3. exd5 Qxd5 4. d4 Nc6 5. Nf3 Bf5 6. Be3 Nf6 7. dxc5 Qxd1+ 8.
Kxd1 g6 9. Nh4 Be6 10. Nd2 Bg7 11. Kc2 Ng4 12. Rd1 O-O-O 13. h3 Nxe3+ 14. fxe3
Bf6 15. Nhf3 Rd5 16. b4 Rhd8 17. Bc4 R5d7 18. Bxe6 fxe6 19. Ne4 Rxd1 20. Rxd1
Rxd1 21. Kxd1 Kd7 22. a3 e5 23. Kd2 h6 24. Kd3 Ke6 25. Kc4 Nb8 26. a4 h5 27.
Kd3 Nd7 28. b5 b6 29. c6 Nc5+ 30. Nxc5+ bxc5 31. Ke4 Kd6 32. Nd2 Bh4 33. Nc4+
Kc7 34. Nxe5 g5 35. Ng6 1-0

[Event "2nd children's team HISSARLUK"]
[Site "http://www.tribuki.com/bg/"]
[Date "2017.02.05"]
[Round "2.2"]
[White "Georgiev, Konstantin G."]
[Black "Cholakov, Nikolay"]
[Result "1-0"]
[WhiteElo "1745"]
[BlackElo "1932"]
[PlyCount "181"]
[EventDate "2017.02.04"]
[EventType "team"]
[EventRounds "6"]
[EventCountry "BUL"]

1. e4 d5 2. exd5 Qxd5 3. Nc3 Qa5 4. Be2 Nf6 5. Nf3 Bf5 6. O-O c6 7. d3 Nbd7 8.
Bd2 Qc7 9. Nd4 Bg6 10. Be3 e5 11. Nb3 Bd6 12. h3 h6 13. d4 e4 14. Rc1 Nb6 15.
Nd2 Bf5 16. Nc4 Nxc4 17. Bxc4 g5 18. d5 g4 19. h4 Nh5 20. dxc6 bxc6 21. Re1
O-O-O 22. Qe2 Rde8 23. Ba6+ Kb8 24. Nb5 cxb5 25. Qxb5+ Ka8 26. Qd5+ Kb8 27.
Qxf5 Ng7 28. Qb5+ Ka8 29. Rcd1 Re5 30. Qa4 Ne6 31. Bb5 Nc5 32. Bc6+ Kb8 33.
Qb5+ Kc8 34. Bxc5 Rxc5 35. Qa6+ Kb8 36. Rxd6 Ra5 37. Qc4 Qxd6 38. Qb3+ Kc8 39.
Qb7+ Kd8 40. Rxe4 Rxa2 41. g3 Rf8 42. Re7 Qxc6 43. Qxc6 Ra1+ 44. Kg2 Kxe7 45.
Qc7+ Ke6 46. Qc6+ Ke7 47. Qc7+ Ke6 48. Qc6+ Ke7 49. Qxh6 f5 50. b4 Rd1 51. Qg7+
Rf7 52. Qe5+ Kf8 53. h5 Rdd7 54. c4 Kg8 55. c5 Rb7 56. Qe8+ Kg7 57. c6 Rbc7 58.
Qe5+ Kh6 59. Qh8+ Kg5 60. b5 Rh7 61. Qe5 Rhf7 62. f3 gxf3+ 63. Kxf3 Kxh5 64.
Kf4 Kg6 65. Qd6+ Kg7 66. Kg5 Kh7 67. Qg6+ Kh8 68. Qh6+ Kg8 69. Kg6 a6 70. Qh4
Rg7+ 71. Kxf5 axb5 72. Qd8+ Kh7 73. Qd6 b4 74. g4 b3 75. g5 Rcf7+ 76. Kg4 Rc7
77. Kh5 Rge7 78. g6+ Kg7 79. Qd4+ Kg8 80. Kh6 Rc8 81. Qd5+ Kh8 82. Qxb3 Rec7
83. Qc3+ Kg8 84. Qc4+ Kh8 85. Qd4+ Kg8 86. Qd5+ Kh8 87. Qe5+ Kg8 88. Qe6+ Kh8
89. g7+ Rxg7 90. Qxc8+ Rg8 91. Qb7 1-0

[Event "2nd children's team HISSARLUK"]
[Site "http://www.tribuki.com/bg/"]
[Date "2017.02.05"]
[Round "2.2"]
[White "Kolev, Lachezar"]
[Black "Dimov, Nikola"]
[Result "1-0"]
[WhiteElo "1792"]
[BlackElo "1396"]
[PlyCount "73"]
[EventDate "2017.02.04"]
[EventType "team"]
[EventRounds "6"]
[EventCountry "BUL"]

1. e4 c5 2. Nf3 Nc6 3. d4 cxd4 4. Nxd4 Nf6 5. f3 e5 6. Nxc6 bxc6 7. c4 Bc5 8.
Bd3 Nh5 9. g3 Qb6 10. Qe2 d6 11. Nd2 Be3 12. Nb3 Bg1 13. Qg2 Be3 14. Bxe3 Qxe3+
15. Qe2 Qxe2+ 16. Kxe2 O-O 17. Rad1 Be6 18. Kf2 Nf6 19. Rhe1 Rfe8 20. Bf1 d5
21. exd5 cxd5 22. Rxe5 dxc4 23. Nc5 Rac8 24. Nxe6 Rxe6 25. Rxe6 fxe6 26. Rc1
Rd8 27. Rc2 Nd5 28. Bxc4 Rc8 29. Bb3 Rxc2+ 30. Bxc2 Kf7 31. a3 h6 32. Bb3 Nb6
33. Ke3 Ke7 34. Ba2 Kd6 35. b4 Na4 36. Bb3 Nc3 37. a4 1-0

[Event "2nd children's team HISSARLUK"]
[Site "http://www.tribuki.com/bg/"]
[Date "2017.02.05"]
[Round "2.2"]
[White "Lenkova, Lyubomira"]
[Black "Gadzhev, Denislav"]
[Result "0-1"]
[WhiteElo "1303"]
[BlackElo "1613"]
[PlyCount "106"]
[EventDate "2017.02.04"]
[EventType "team"]
[EventRounds "6"]
[EventCountry "BUL"]

1. d4 Nf6 2. c4 e6 3. Nc3 Bb4 4. Nf3 b6 5. g3 Ba6 6. Qb3 Bxc3+ 7. bxc3 O-O 8.
Bg2 c6 9. O-O d5 10. Ne5 Qc7 11. Re1 Nbd7 12. Bf4 Nxe5 13. Bxe5 Qe7 14. cxd5
cxd5 15. Rac1 Bc4 16. Qa4 b5 17. Qa6 Rfc8 18. e3 Ne4 19. Qa5 f6 20. f3 fxe5 21.
fxe4 Qb7 22. dxe5 dxe4 23. Red1 Bd5 24. Bf1 a6 25. a3 Qa7 26. Rd4 Rc5 27. Qb4
Rac8 28. Qa5 Qb7 29. Qb4 Qc6 30. Bh3 Rxc3 31. Rxc3 Qxc3 32. Qxc3 Rxc3 33. Kf2
Rc2+ 34. Kg1 Re2 35. a4 Rxe3 36. axb5 axb5 37. Rb4 Rb3 38. Rxb3 Bxb3 39. Kf2 b4
40. Ke2 Bc4+ 41. Kd2 Kf7 42. Bg2 Bd5 43. Kc2 Ke7 44. Bf1 Kd7 45. Kd2 Kc6 46.
Be2 Kc5 47. Bd1 Kd4 48. Bc2 e3+ 49. Ke2 Be4 50. Bb3 Bd3+ 51. Ke1 Bc4 52. Bc2 b3
53. Bb1 Bd3 0-1

[Event "2nd children's team HISSARLUK"]
[Site "http://www.tribuki.com/bg/"]
[Date "2017.02.05"]
[Round "2.3"]
[White "Pavlov, Vladimir G."]
[Black "Doychinov, Simeon"]
[Result "1-0"]
[WhiteElo "1860"]
[BlackElo "1120"]
[PlyCount "57"]
[EventDate "2017.02.04"]
[EventType "team"]
[EventRounds "6"]
[EventCountry "BUL"]

1. e4 e5 2. Nf3 Nc6 3. Bc4 Nf6 4. Ng5 Nxe4 5. Bxf7+ Ke7 6. d3 Nf6 7. Bb3 h6 8.
Nf7 Qe8 9. Nxh8 d5 10. O-O g6 11. Nc3 Be6 12. Re1 Bg7 13. h3 Bxh8 14. Bxh6 d4
15. Ne4 Bf5 16. Bg5 Qf8 17. Bd5 Kd7 18. Bxc6+ Kxc6 19. Nxf6 Bxf6 20. Bxf6 Qxf6
21. Qf3+ Kb6 22. g4 Be6 23. Qxf6 Re8 24. Rxe5 c6 25. Rxe6 Rg8 26. Qxd4+ Kc7 27.
Re7+ Kc8 28. Qd7+ Kb8 29. Qxb7# 1-0

[Event "2nd children's team HISSARLUK"]
[Site "http://www.tribuki.com/bg/"]
[Date "2017.02.05"]
[Round "2.4"]
[White "Todorov, Vladimir"]
[Black "Manova, Ivana"]
[Result "1-0"]
[WhiteElo "1506"]
[BlackElo "1741"]
[PlyCount "93"]
[EventDate "2017.02.04"]
[EventType "team"]
[EventRounds "6"]
[EventCountry "BUL"]

1. e4 e5 2. Nf3 Nc6 3. Bc4 Bc5 4. Nc3 Nf6 5. d3 d6 6. Bg5 h6 7. Be3 Bb6 8. Qd2
Be6 9. Bb3 Qd7 10. O-O-O O-O-O 11. d4 Bxb3 12. axb3 Qg4 13. d5 Nb4 14. Bxb6
axb6 15. Qe3 g5 16. g3 Qh3 17. Nd2 Nh5 18. Kb1 f5 19. Na2 Nxa2 20. Kxa2 Rhf8
21. Qc3 fxe4 22. Nxe4 Qf5 23. Rhe1 Nf6 24. f3 Nxe4 25. fxe4 Qf2 26. Re3 Rf7 27.
Rd2 Qf1 28. Qd3 Kd7 29. b4 Qxd3 30. Rexd3 Rdf8 31. Kb3 Rf1 32. Kc3 Re1 33. Rd1
Rxe4 34. b3 h5 35. h3 h4 36. Rg1 Rf7 37. Rg2 c6 38. dxc6+ bxc6 39. gxh4 gxh4
40. Rg6 Rd4 41. Rxd4 exd4+ 42. Kxd4 Rf4+ 43. Ke3 Rxb4 44. Rh6 c5 45. Kd3 b5 46.
Rg6 c4+ 47. Kc3 1-0